000 00307nam a22001337a 4500
008 180202b xxu||||| |||| 00| 0 eng d
020 _a9780143113874
041 _aeng
080 _a101
100 _a24
101 _aFIL
245 _aPlato and a platypus walk into a bar
_cCathcart,Th
942 _2udc
_cBK
999 _c41654
_d41654